La universidad latinoamericana y los procesos de internacionalización: las estrategias de financiamiento /
El autor se adentra en los pormenores del financiamiento universitario, especificando los formatos que éste adquiere en el marco de la internacionalización de la educación. A partir del 11 análisis de un conjunto de informaciones estadísticas, presenta las tendencias hoy predominantes en lo que refi...
Furkejuvvon:
| Váldodahkki: | |
|---|---|
| Materiálatiipa: | Texto |
| Fáttát: | |
| Fáddágilkorat: |
Lasit fáddágilkoriid
Eai fáddágilkorat, Lasit vuosttaš fáddágilkora!
|
MARC
| LEADER | 00000 a a2200000 04500 | ||
|---|---|---|---|
| 001 | 43441 | ||
| 003 | |||
| 040 | |||
| 100 | |a López Segreda, Francisco | ||
| 245 | |a La universidad latinoamericana y los procesos de internacionalización: |b las estrategias de financiamiento / |c Francisco López Segreda | ||
| 520 | 4 | |a El autor se adentra en los pormenores del financiamiento universitario, especificando los formatos que éste adquiere en el marco de la internacionalización de la educación. A partir del 11 análisis de un conjunto de informaciones estadísticas, presenta las tendencias hoy predominantes en lo que refiere a las modalidades de financiación y sus consecuencias en términos de la configuración y composición de los sectores público y privado en el ámbito de la educación superior. | |
| 590 | |a RRA/JULIO2012 | ||
| 650 | |a UNIVERSIDADES | ||
| 650 | |a EDUCACION PUBLICA | ||
| 650 | |a FINANCIAMIENTO | ||
| 650 | |a ESTADO | ||
| 650 | |a MERCADO | ||
| 650 | |a AMERICA LATINA | ||
| 773 | |g páginas 239-264 : tablas | ||
| 999 | |c 39267 |d 39267 | ||
